000 00718nam a2200253Ia 4500
003 OSt
005 20220918192318.0
006 a|||||r|||| 00| 0
007 ta
008 220917b |||||||| |||| 00| 0 eng d
024 _a67,826
037 _cTextual
040 _aARTS
_cARTS
_beng
041 _2eng
_aeng
082 _aR3xM59, L0;L7
100 _aHusserl Edmund
_921145
245 0 _aCartesian meditations
_b An introduction phenomenology
260 _aHague
_bMartinus Nijhoff
_c1977
300 _a157p.
_ccm.
650 _aPHILOSOPHY
700 _a Cairns Dorion Tr.
_978869
942 _hR3xM59, L0;L7
_cTEXL
_2CC
999 _c194058
_d194058